श्वान पुराण / (Record no. 214705)

MARC details
000 -LEADER
fixed length control field 00737nam a22001937a 4500
005 - DATE AND TIME OF LATEST TRANSACTION
control field 20260211142702.0
010 ## - LCCN (DPL NO)
LC control number HIN-130984
020 ## - INTERNATIONAL STANDARD BOOK NUMBER
International Standard Book Number 9789385776588
Terms of availability 200.00
035 ## - SYSTEM CONTROL NUMBER
System control number HN-103330
037 ## - SOURCE OF ACQUISITION
Source of stock number/acquisition DBAD
082 ## - DEWEY DECIMAL CLASSIFICATION NUMBER
Classification number
100 ## - MAIN ENTRY--PERSONAL NAME
Personal name राय, आदित्य कुमार
245 ## - TITLE STATEMENT
Title श्वान पुराण /
Statement of responsibility, etc आदित्य कुमार राय
250 ## - EDITION STATEMENT
Edition statement प्रथम
260 ## - PUBLICATION, DISTRIBUTION, ETC. (IMPRINT)
Place of publication, distribution, etc नई दिल्ली
Name of publisher, distributor, etc शब्दांकुर प्रकाशन
Date of publication, distribution, etc 2020
270 ## - ADDRESS
City नई दिल्ली
Postal code जे.-द्वितीय-41, मदनगीर,
Address 110062
300 ## - PHYSICAL DESCRIPTION
Extent 142पृ.
Dimensions 22 सेमी (अजिल्द)
942 ## - ADDED ENTRY ELEMENTS (KOHA)
Source of classification or shelving scheme Dewey Decimal Classification
Item type Hindi Books
Classification part
Call number suffix रायआ
Holdings
Withdrawn status Lost status Not for loan Collection code Home library Current library Date acquired Source of acquisition Cost, normal purchase price Full call number Barcode Copy number Cost, replacement price Koha item type
      Fiction RC3 Aruna Nagar RC3 Aruna Nagar 05/02/2026 DBAD 200.00 क रायआ HN-103330 1 200.00 Hindi Books

© Delhi Public Library
Hit Counter
free hit counter